| 000 | 00437nam a22001697a 4500 | ||
|---|---|---|---|
| 999 |
_c7499 _d7499 |
||
| 003 | OSt | ||
| 005 | 20200312043806.0 | ||
| 008 | 200312b ||||| |||| 00| 0 eng d | ||
| 020 | _a9789385039188 | ||
| 040 | _abmsca | ||
| 082 |
_a625.7 _bSHA |
||
| 100 | _aShah, H.J. | ||
| 245 |
_aReinforced concrete Vol 1 / _bElementary reinforced concrete |
||
| 250 | _a11th ed. | ||
| 260 |
_bCharotar Publishing House Pvt. Ltd _cc2016 |
||
| 942 | _2ddc | ||